<Die> Arbeitsteilung zwischen Industrie- und Entwicklungsländern im Maschinenbau

Guardado en:
Detalles Bibliográficos
Autor principal: Dick, Rolf
Formato: Libro
Lenguaje:alemán
Publicado: Tübingen Mohr 1981
Colección:Kieler Studien 168
Etiquetas: Agregar Etiqueta
Sin Etiquetas, Sea el primero en etiquetar este registro!

MARC

LEADER 00000nam a2200000 4500
001 c140613
005 20181203150516.0
041 0 |a ger 
044 |a DE 
245 1 0 |a <Die> Arbeitsteilung zwischen Industrie- und Entwicklungsländern im Maschinenbau  |c Rolf Dick 
264 1 |a Tübingen  |b Mohr  |c 1981 
300 |a 186 s. 
490 1 |a Kieler Studien  |v 168 
830 0 |a Kieler Studien  |v 168 
100 1 |a Dick, Rolf